| 000 | 01132cas a22002415 4500 | ||
|---|---|---|---|
| 001 | L152284 | ||
| 008 | 110214s2010 xxuqr ws s 0 a0eng u | ||
| 035 | _a(Sirsi) u152284 | ||
| 041 | 0 | _aeng | |
| 050 | _a333.33 $2 18 | ||
| 110 | 2 |
_aInvestment Property Databank _92288 |
|
| 245 | 0 | 0 |
_aIPD US annual property index _h[electronic resource] |
| 260 |
_aChicago _bIPD _c2010- |
||
| 362 | 0 | _aCurrent year only | |
| 490 | 0 |
_aIPD US Annual Property Index _v2009- |
|
| 520 | _aThe IPD US Annual Property Index is based on a sample of over 3 000 properties valued at over US$100bn giving results for the year to 31st December. A graph covers historical performance. Tables display index returns, comparative data , and the index database profile. | ||
| 554 | _aAnnual | ||
| 650 | 2 | 4 | _aIPD US ANNUAL PROPERTY INDEX |
| 651 | 4 |
_aUnited States _y1959- |
|
| 690 | _aPROPERTY-COMMERCIAL PROPERTY-COMMERCIAL PROPERTY MARKET | ||
| 856 | 4 | 8 |
_uhttps://www1.ipd.com/Pages/DNNPage.aspx?DestUrl=http%3a%2f%2fwww.ipd.com%2fsharepoint.aspx%3fTabId%3d2156 _zView the report free of charge and after accepting disclaimer at www.ipd.com |
| 942 | _n0 | ||
| 999 |
_c119295 _d119295 |
||